000 00514nam a22001817a 4500
003 OSt
005 20140310182145.0
008 130829t xxu||||| |||| 00| 0 eng d
020 _a0395084105
050 _aF 1226
_b.P245 1938
082 _aHS 972.01
_bP22 1969
100 _aParkes, Henry Bamford
_915496
245 _aA history of Mexico /
_cHenry Bamford Parkes.
260 _aBoston :
_bHoughton Mifflin company,
_cc1969.
300 _a460 p. :
_bill. ;
_c20 cm
942 _2lcc
_cHS
999 _c9915
_d9915